| 000 | 00813nam a2200217 i 4500 | ||
|---|---|---|---|
| 001 | 20815 | ||
| 003 | ES-MaACL | ||
| 005 | 20230906152352.0 | ||
| 007 | t| | ||
| 008 | 140926s2013 sp ||||1| spa d | ||
| 020 | _a978-84-7074-580-5 | ||
| 245 | 0 | 0 |
_aMadrid en el siglo XXI, transformaciones y retos de su realidad social. _nII, _pLa realidad social de Madrid / _cAntonio Lucas Marín, Carmen Cortés Beltrán, María Dolores Cáceres Zapatero (Editores). |
| 260 |
_aMadrid : _bFragua, _c2013. |
||
| 300 |
_a519 p. ; _c24 cm. |
||
| 504 | _aIncluye referencias bibliográficas. | ||
| 651 | 4 |
_aMadrid- _xSituación social. _98982 |
|
| 700 | 1 |
_aLucas Marín, Antonio. _974545 |
|
| 700 | 1 |
_aCortés Beltrán, Carmen. _9155613 |
|
| 700 | 1 |
_aCáceres Zapatero, María Dolores. _9153402 |
|
| 852 | 4 |
_aES-MaACL _jN-6261 |
|
| 999 |
_c20815 _d20815 |
||